[Event "Montcalm V 2004-05"]
[Site "Quebec CAN"]
[Date "2005.02.24"]
[Round "2"]
[White "Lapierre, Gaetan"]
[Black "Letourneau, Alex"]
[Result "1-0"]
[WhiteElo "1918"]
[BlackElo "1629"]
[PlyCount "55"]
[GameId "2160767910965700"]
[EventDate "2005.02.17"]
[EventType "swiss"]
[EventRounds "5"]
[EventCountry "CAN"]

1. Nf3 d6 2. d4 Nf6 3. g3 g6 4. Bg2 Bg7 5. O-O O-O 6. c4 Nbd7 7. Nc3 e5 8. dxe5 Nxe5 9. Nxe5 dxe5 10. Qxd8 Rxd8 11. Bg5 Rd4 12. b3 c6 13. Be3 Rd8 14. h3 Be6 15. Kh2 Nd7 16. Ne4 Nb6 17. Nc5 Bc8 18. Rad1 Nd7 19. Rd2 Kf8 20. Rfd1 Ke8 21. Ne4 h6 22. Bc5 b6 23. Ba3 Ba6 24. Nd6+ Ke7 25. Nb7+ c5 26. Nxd8 Rxd8 27. Bc6 Bc8 28. b4 1-0

[Event "Montcalm V 2004-05"]
[Site "Quebec CAN"]
[Date "2005.02.24"]
[Round "2"]
[White "Lemieux, Pierre"]
[Black "Tremblay, Rejean"]
[Result "0-1"]
[WhiteElo "1871"]
[BlackElo "2234"]
[PlyCount "114"]
[GameId "2160767910965701"]
[EventDate "2005.02.17"]
[EventType "swiss"]
[EventRounds "5"]
[EventCountry "CAN"]

1. d4 Nf6 2. Nf3 g6 3. Bf4 Bg7 4. h3 d6 5. e3 O-O 6. c3 e6 7. Nbd2 Qe7 8. Bc4 Nbd7 9. Qc2 e5 10. dxe5 dxe5 11. Bh2 e4 12. Nd4 c5 13. Ne2 Ne5 14. Bxe5 Qxe5 15. Ng3 Re8 16. O-O a6 17. a4 h5 18. Rad1 h4 19. Ne2 Bf5 20. Ba2 b5 21. Rfe1 Nh5 22. Nf1 Nf6 23. Nf4 c4 24. Ne2 g5 25. Nd4 Bg6 26. Bb1 g4 27. hxg4 Nxg4 28. axb5 Qh5 29. Qe2 axb5 30. Rd2 h3 31. Nh2 Nxh2 32. Qxh5 Bxh5 33. Kxh2 hxg2 34. Kxg2 Ra6 35. Rg1 Bxd4 36. Rxd4 Bf3+ 37. Kf1+ Kf8 38. Ke1 Re5 39. Kd2 Rh6 40. Kc2 Rh2 41. Rd2 Ke7 42. b3 cxb3+ 43. Kxb3 Rh6 44. Kb4 Rc6 45. Ba2 f5 46. Rg7+ Kf6 47. Rf7+ Kg5 48. Rd5 Rxd5 49. Bxd5 Rd6 50. Kc5 Rd8 51. Rb7 Be2 52. Rg7+ Kh4 53. Rf7 Rxd5+ 54. Kxd5 Bc4+ 55. Ke5 Bxf7 56. Kxf5 Bd5 57. Ke5 Ba8 0-1

[Event "Montcalm V 2004-05"]
[Site "Quebec CAN"]
[Date "2005.02.24"]
[Round "2"]
[White "Moisan, Francois"]
[Black "Gaudreau, Eric"]
[Result "1/2-1/2"]
[WhiteElo "1937"]
[BlackElo "1578"]
[PlyCount "39"]
[GameId "2160767910965702"]
[EventDate "2005.02.17"]
[EventType "swiss"]
[EventRounds "5"]
[EventCountry "CAN"]

1. e4 c5 2. Nf3 d6 3. d4 cxd4 4. Nxd4 Nf6 5. Nc3 e6 6. Be2 a6 7. f4 Qc7 8. O-O Be7 9. g4 Nc6 10. g5 Nd7 11. Be3 Na5 12. f5 Ne5 13. fxe6 fxe6 14. Bg4 Nxg4 15. Qxg4 Nc4 16. Bf2 Qa5 17. Nxe6 Bxe6 18. Qxe6 Qxg5+ 19. Bg3 Ne3 20. Nd5 1/2-1/2

[Event "Montcalm V 2004-05"]
[Site "Quebec CAN"]
[Date "2005.02.24"]
[Round "2"]
[White "Sauve, Richard"]
[Black "Guay, Etienne"]
[Result "0-1"]
[WhiteElo "2047"]
[BlackElo "1500"]
[PlyCount "80"]
[GameId "2160767910965703"]
[EventDate "2005.02.17"]
[EventType "swiss"]
[EventRounds "5"]
[EventCountry "CAN"]

1. d4 Nf6 2. c4 c5 3. d5 g6 4. Nc3 Bg7 5. e4 d6 6. Be2 O-O 7. Nf3 e6 8. O-O exd5 9. cxd5 Na6 10. Nd2 Nc7 11. a4 b6 12. f3 a6 13. Nc4 Rb8 14. Bf4 Nfe8 15. e5 dxe5 16. Nxe5 Bb7 17. Qb3 Bxd5 18. Nxd5 Qxd5 19. Qe3 Nd6 20. Rfd1 Qe6 21. Rxd6 Qxd6 22. Rd1 Qe6 23. Bc4 Qe8 24. Qe4 Ne6 25. Bxe6 Qxe6 26. Nd7 Qxe4 27. fxe4 Rbd8 28. e5 Rfe8 29. Bg5 Rxd7 30. Rxd7 Bxe5 31. b3 b5 32. Ra7 Bd4+ 33. Kf1 c4 34. Rd7 Bb2 35. bxc4 bxa4 36. Ra7 Re6 37. Bh6 f5 38. Ra8+ Kf7 39. Ra7+ Ke8 40. Ra8+ Kd7 0-1

[Event "Montcalm V 2004-05"]
[Site "Quebec CAN"]
[Date "2005.03.03"]
[Round "3"]
[White "Auger, Bertrand"]
[Black "Caire, Francois"]
[Result "1/2-1/2"]
[WhiteElo "1918"]
[BlackElo "2201"]
[PlyCount "97"]
[GameId "2160767910965704"]
[EventDate "2005.02.17"]
[EventType "swiss"]
[EventRounds "5"]
[EventCountry "CAN"]

1. c4 e5 2. Nc3 Nf6 3. g3 c6 4. Bg2 d5 5. cxd5 cxd5 6. Qb3 Nc6 7. Nxd5 Nd4 8. Nxf6+ Qxf6 9. Qd3 Bf5 10. Be4 Bxe4 11. Qxe4 Rc8 12. Kf1 Be7 13. Nf3 Nxf3 14. exf3 Rc7 15. Kg2 O-O 16. Re1 Bd6 17. b3 Qd8 18. Bb2 f6 19. Rad1 Rd7 20. b4 Bb8 21. Qc4+ Kh8 22. d4 Rd5 23. Re3 Qd7 24. Rde1 exd4 25. Re8 Rxe8 26. Rxe8+ Qxe8 27. Qxd5 b6 28. Bxd4 Bc7 29. a3 h6 30. h4 Qd8 31. Qxd8+ Bxd8 32. f4 Kg8 33. Kf3 Kf7 34. Ke4 Ke6 35. f5+ Kd7 36. b5 Be7 37. a4 Bb4 38. Kd5 h5 39. g4 hxg4 40. h5 Be1 41. Be3 Bb4 42. Bf4 Bc5 43. Bg3 Bb4 44. Ke4 Bd6 45. Bh4 Be5 46. Kd5 Bc3 47. Bg3 Bb4 48. Bb8 Bc5 49. Bg3 1/2-1/2

[Event "Montcalm V 2004-05"]
[Site "Quebec CAN"]
[Date "2005.03.03"]
[Round "3"]
[White "Berube, Antoine"]
[Black "Lapierre, Gaetan"]
[Result "1-0"]
[WhiteElo "2125"]
[BlackElo "1918"]
[PlyCount "49"]
[GameId "2160767910965705"]
[EventDate "2005.02.17"]
[EventType "swiss"]
[EventRounds "5"]
[EventCountry "CAN"]

1. e4 d6 2. d4 Nf6 3. Nc3 g6 4. f4 Bg7 5. Nf3 O-O 6. Bd3 Na6 7. O-O c5 8. d5 Nc7 9. Qe1 e6 10. dxe6 fxe6 11. f5 gxf5 12. exf5 e5 13. Bg5 h6 14. Bh4 Qe8 15. Rd1 Qh5 16. Bc4+ Kh7 17. Rxd6 Bxf5 18. Bxf6 Bxf6 19. Nxe5 Kh8 20. g4 Bxg4 21. Rfxf6 Rxf6 22. Rxf6 Bh3 23. Rxh6+ Qxh6 24. Nf7+ Kg7 25. Nxh6 1-0

[Event "Montcalm V 2004-05"]
[Site "Quebec CAN"]
[Date "2005.03.03"]
[Round "3"]
[White "Dao, Huy Hao"]
[Black "Audet-Bouchard, Nicolas"]
[Result "1/2-1/2"]
[WhiteElo "1664"]
[BlackElo "2057"]
[PlyCount "87"]
[GameId "2160767910965706"]
[EventDate "2005.02.17"]
[EventType "swiss"]
[EventRounds "5"]
[EventCountry "CAN"]

1. d4 Nf6 2. c4 e6 3. Nc3 Bb4 4. Qc2 d5 5. a3 Bxc3+ 6. Qxc3 Ne4 7. Qc2 Nc6 8. Nf3 e5 9. e3 exd4 10. cxd5 Qxd5 11. Bc4 Qf5 12. O-O O-O 13. Bd3 Re8 14. Nd2 dxe3 15. Bxe4 Qe5 16. Bxh7+ Kh8 17. Nf3 Qh5 18. Bd3 Bg4 19. fxe3 Rad8 20. Be4 Re6 21. Bxc6 Rxc6 22. Qf2 Rh6 23. e4 Rh7 24. Bf4 c6 25. Rad1 Re8 26. Ng5 Bxd1 27. Nxh7 Kxh7 28. Be3 Bb3 29. Bxa7 Rxe4 30. Qf5+ Qxf5 31. Rxf5 Bd5 32. Rf2 Kg6 33. h3 f6 34. Bc5 Kf7 35. Bb4 Ke6 36. Rf1 f5 37. Re1 g6 38. Kf2 Rxe1 39. Bxe1 Ke5 40. g3 Ke4 41. Bc3 b5 42. h4 Kd3 43. Bb4 Be4 44. Ba5 1/2-1/2

[Event "Montcalm V 2004-05"]
[Site "Quebec CAN"]
[Date "2005.03.03"]
[Round "3"]
[White "Guay, Etienne"]
[Black "Moisan, Francois"]
[Result "0-1"]
[WhiteElo "1500"]
[BlackElo "1937"]
[PlyCount "60"]
[GameId "2160767910965707"]
[EventDate "2005.02.17"]
[EventType "swiss"]
[EventRounds "5"]
[EventCountry "CAN"]

1. e4 e5 2. Nf3 Nc6 3. Bb5 a6 4. Ba4 Nf6 5. O-O Be7 6. Re1 b5 7. Bb3 O-O 8. c3 d5 9. exd5 Nxd5 10. Nxe5 Nxe5 11. Rxe5 c6 12. d4 Bd6 13. Re1 Qh4 14. g3 Qh3 15. Be3 Bg4 16. Qd3 Rae8 17. Nd2 f5 18. Qf1 Qh5 19. f3 Bh3 20. Qd3 Kh8 21. Bxd5 cxd5 22. a4 Re6 23. axb5 axb5 24. f4 Rh6 25. Kf2 Bg4 26. Rh1 Re6 27. Qxb5 Rxe3 28. Kxe3 Re8+ 29. Kd3 Be2+ 30. Kc2 Bxb5 0-1

[Event "Montcalm V 2004-05"]
[Site "Quebec CAN"]
[Date "2005.03.03"]
[Round "3"]
[White "L'Heureux, Clement"]
[Black "Bender, Karl"]
[Result "1/2-1/2"]
[WhiteElo "1924"]
[BlackElo "1598"]
[PlyCount "81"]
[GameId "2160767910965708"]
[EventDate "2005.02.17"]
[EventType "swiss"]
[EventRounds "5"]
[EventCountry "CAN"]

1. e4 c5 2. d3 Nc6 3. f4 d6 4. g3 g6 5. Nf3 Bg4 6. h3 Bxf3 7. Qxf3 Nd4 8. Qd1 Bg7 9. Nc3 Nf6 10. Be3 Nh5 11. Bf2 a6 12. Bg2 Rb8 13. Qd2 b5 14. O-O b4 15. Nd1 Nb5 16. g4 Nf6 17. Be3 Nd7 18. Kh1 O-O 19. c3 bxc3 20. bxc3 Qa5 21. Rc1 Nb6 22. Rf2 Na4 23. c4 Qxd2 24. Bxd2 Nd4 25. Nc3 Nxc3 26. Bxc3 Ne6 27. f5 Nd4 28. h4 Be5 29. Bxd4 Bxd4 30. Re2 Rb2 31. Rxb2 Bxb2 32. Rb1 Rb8 33. a3 Kf8 34. Bf3 Ke8 35. g5 a5 36. h5 Kd8 37. Bg4 Kc7 38. fxg6 hxg6 39. hxg6 fxg6 40. a4 Be5 41. Rxb8 1/2-1/2

[Event "Montcalm V 2004-05"]
[Site "Quebec CAN"]
[Date "2005.03.03"]
[Round "3"]
[White "Tremblay, Rejean"]
[Black "Lessard, Claude"]
[Result "1-0"]
[WhiteElo "2234"]
[BlackElo "1964"]
[PlyCount "55"]
[GameId "2160767910965709"]
[EventDate "2005.02.17"]
[EventType "swiss"]
[EventRounds "5"]
[EventCountry "CAN"]

1. d4 Nf6 2. Nf3 g6 3. c4 c5 4. Nc3 Bg7 5. d5 d6 6. e4 O-O 7. Bd3 Nbd7 8. h3 a6 9. a4 e6 10. O-O exd5 11. exd5 Re8 12. Bf4 Nh5 13. Bh2 Ne5 14. Nxe5 Bxe5 15. Bxe5 dxe5 16. Qd2 f5 17. Rfe1 Bd7 18. Bf1 Qf6 19. Qe3 Rac8 20. Ra3 f4 21. Qf3 Bf5 22. Bd3 Qh4 23. Bxf5 gxf5 24. d6 e4 25. d7 Rcd8 26. Nxe4 Kf8 27. Re2 fxe4 28. Rxe4 1-0

[Event "Montcalm V 2004-05"]
[Site "Quebec CAN"]
[Date "2005.03.10"]
[Round "4"]
[White "Berube, Antoine"]
[Black "Tremblay, Rejean"]
[Result "1/2-1/2"]
[WhiteElo "2125"]
[BlackElo "2234"]
[PlyCount "62"]
[GameId "2160767910965710"]
[EventDate "2005.02.17"]
[EventType "swiss"]
[EventRounds "5"]
[EventCountry "CAN"]

1. d4 Nf6 2. c4 c5 3. d5 d6 4. Nc3 g6 5. e4 Bg7 6. Nf3 O-O 7. Bd3 e6 8. O-O exd5 9. cxd5 a6 10. a4 Nbd7 11. Bf4 Qc7 12. Nd2 Nh5 13. Bg5 Rb8 14. a5 Re8 15. Nc4 b5 16. axb6 Nxb6 17. Qc2 h6 18. Bd2 Nf6 19. Rfe1 Nxc4 20. Bxc4 Qb6 21. Rab1 Ng4 22. b3 Qd8 23. h3 Ne5 24. Be2 Qh4 25. f4 Bxh3 26. fxe5 Bxe5 27. Qd3 Bxg2 28. Kxg2 Qh2+ 29. Kf1 Qh1+ 30. Kf2 Qh2+ 31. Kf1 Qh1+ 1/2-1/2

[Event "Montcalm V 2004-05"]
[Site "Quebec CAN"]
[Date "2005.03.10"]
[Round "4"]
[White "Bisson, Real"]
[Black "Cournoyer, Dominic"]
[Result "0-1"]
[WhiteElo "1743"]
[BlackElo "1346"]
[PlyCount "164"]
[GameId "2160767910965711"]
[EventDate "2005.02.17"]
[EventType "swiss"]
[EventRounds "5"]
[EventCountry "CAN"]

1. e4 c5 2. Nf3 Nc6 3. d4 cxd4 4. Nxd4 d6 5. Nc3 Nf6 6. Be2 a6 7. O-O g6 8. Be3 Bg7 9. Nxc6 bxc6 10. e5 dxe5 11. Qxd8+ Kxd8 12. Bb6+ Ke8 13. Rad1 Bf5 14. Rd2 Nd7 15. Be3 Rb8 16. Na4 Be6 17. Rfd1 f5 18. g3 a5 19. b3 Nf6 20. Nc5 Bf7 21. Na6 Rc8 22. Bb6 Nd5 23. Bxa5 Be6 24. c4 Nf6 25. Nc5 Kf7 26. Bc3 Bh6 27. Rd3 e4 28. Rd4 Ra8 29. a4 Rhb8 30. b4 Ne8 31. Nxe6 Kxe6 32. c5 Kf7 33. Bc4+ Kf8 34. Rd7 Rxa4 35. Rd8 Raa8 36. R8d7 Bg7 37. Bxg7+ Nxg7 38. b5 cxb5 39. Bd5 Ra3 40. c6 Ne8 41. Rc1 Rc8 42. c7 Ra7 43. Rc5 Raxc7 44. Rdxc7 Rxc7 45. Rxb5 Nd6 46. Rb8+ Rc8 47. Rxc8+ Nxc8 48. h4 e5 49. Kf1 Nd6 50. Ke2 Ke7 51. Ke3 Kf6 52. f3 exf3 53. Kxf3 e4+ 54. Kf4 h6 55. Ke3 Nf7 56. g4 Ne5 57. gxf5 gxf5 58. Kf4 Nd3+ 59. Ke3 Kg6 60. Bxe4 fxe4 61. Kxe4 Nc5+ 62. Kf4 Kh5 63. Kg3 Ne4+ 64. Kh3 Kg6 65. Kg4 h5+ 66. Kf4 Nc5 67. Ke5 Nd3+ 68. Ke4 Nf2+ 69. Kf4 Kf6 70. Kf3 Ng4 71. Kf4 Ne5 72. Ke4 Ng6 73. Kf3 Nxh4+ 74. Kg3 Kg5 75. Kh3 Nf5 76. Kg2 h4 77. Kh3 Kf4 78. Kg2 Kg4 79. Kh2 h3 80. Kg1 Kg3 81. Kh1 Nd6 82. Kg1 Ne4 0-1

[Event "Montcalm V 2004-05"]
[Site "Quebec CAN"]
[Date "2005.03.10"]
[Round "4"]
[White "Caire, Francois"]
[Black "Audet-Bouchard, Nicolas"]
[Result "0-1"]
[WhiteElo "2201"]
[BlackElo "2057"]
[PlyCount "94"]
[GameId "2160767910965712"]
[EventDate "2005.02.17"]
[EventType "swiss"]
[EventRounds "5"]
[EventCountry "CAN"]

1. d4 Nf6 2. c4 e6 3. Nf3 Bb4+ 4. Nbd2 b6 5. a3 Bxd2+ 6. Bxd2 Bb7 7. Bg5 h6 8. Bh4 d6 9. e3 Nbd7 10. Nd2 Qe7 11. f3 c5 12. Bd3 O-O 13. O-O e5 14. d5 b5 15. b3 g5 16. Bf2 a5 17. cxb5 Nxd5 18. Qc2 a4 19. Nc4 N7b6 20. e4 Nxc4 21. bxc4 Nf4 22. Rfd1 Ne6 23. Rac1 Rfc8 24. Qd2 Qc7 25. Bb1 Nd4 26. Rc3 Kg7 27. g3 f6 28. h4 Qf7 29. Kg2 Kh7 30. Rh1 Rg8 31. g4 Qe6 32. Be3 Raf8 33. Bc2 Rg7 34. Bd1 Rfg8 35. Kg3 f5 36. exf5 gxh4+ 37. Kh2 Qf6 38. Bxd4 exd4 39. Rd3 d5 40. cxd5 Qd6+ 41. f4 Bxd5 42. Re1 Re7 43. Rh3 Rxe1 44. Qxe1 Qxf4+ 45. Kg1 Rxg4+ 46. Bxg4 Qxg4+ 47. Rg3 Qxg3+ 0-1

[Event "Montcalm V 2004-05"]
[Site "Quebec CAN"]
[Date "2005.03.10"]
[Round "4"]
[White "Cummins, Paul"]
[Black "Lemieux, Pierre"]
[Result "0-1"]
[WhiteElo "1581"]
[BlackElo "1871"]
[PlyCount "58"]
[GameId "2160767910965713"]
[EventDate "2005.02.17"]
[EventType "swiss"]
[EventRounds "5"]
[EventCountry "CAN"]

1. d4 Nf6 2. Bg5 g6 3. Nf3 Bg7 4. Nbd2 d6 5. e4 O-O 6. h3 Nbd7 7. c3 Re8 8. Bc4 e5 9. Qb3 Qe7 10. Be3 Nb6 11. Bd3 Be6 12. Qc2 Nh5 13. dxe5 dxe5 14. g3 Rad8 15. Ng5 Bf8 16. Be2 Bh6 17. h4 Nf6 18. O-O-O Ng4 19. Bxg4 Bxg4 20. f3 Bd7 21. Rde1 Bb5 22. c4 Ba4 23. Nb3 Qb4 24. Kb1 Nxc4 25. Nxf7 Bxe3 26. Nxd8 Rxd8 27. Rxe3 Nxe3 28. Qxc7 Qd6 29. Qxb7 Qd3+ 0-1

[Event "Montcalm V 2004-05"]
[Site "Quebec CAN"]
[Date "2005.03.10"]
[Round "4"]
[White "Fortier, Bertrand"]
[Black "Lapierre, Gaetan"]
[Result "1-0"]
[WhiteElo "1642"]
[BlackElo "1918"]
[PlyCount "54"]
[GameId "2160767910965714"]
[EventDate "2005.02.17"]
[EventType "swiss"]
[EventRounds "5"]
[EventCountry "CAN"]

1. e4 d6 2. d4 Nf6 3. Bd3 g6 4. c3 Bg7 5. Nf3 O-O 6. h3 c5 7. O-O Na6 8. d5 Rb8 9. Qe2 Nc7 10. a4 e5 11. Be3 Nh5 12. Bg5 f6 13. Be3 Nf4 14. Bxf4 exf4 15. Nbd2 Kh8 16. Kh2 Re8 17. Qd1 Qe7 18. Qc2 Bf8 19. Rh1 Bd7 20. c4 Red8 21. Rae1 Ne8 22. Nh4 Qf7 23. e5 fxe5 24. Ne4 Be7 25. Nf3 h6 26. Nxc5 Bf5 27. Bxf5 Qxf5 1-0

[Event "Montcalm V 2004-05"]
[Site "Quebec CAN"]
[Date "2005.03.10"]
[Round "4"]
[White "Lessard, Claude"]
[Black "Auger, Bertrand"]
[Result "0-1"]
[WhiteElo "1964"]
[BlackElo "1918"]
[PlyCount "42"]
[GameId "2160767910965715"]
[EventDate "2005.02.17"]
[EventType "swiss"]
[EventRounds "5"]
[EventCountry "CAN"]

1. d4 e6 2. Nf3 Nf6 3. e3 b6 4. Bd3 Bb7 5. O-O Be7 6. c4 O-O 7. Nbd2 d5 8. b3 Nbd7 9. Bb2 c5 10. Rc1 Rc8 11. Bb1 Ne4 12. Nxe4 dxe4 13. Nd2 f5 14. f3 cxd4 15. Bxd4 e5 16. Bc3 Bc5 17. Qe2 Qg5 18. Rce1 f4 19. Bxe4 fxe3 20. Nb1 Bxe4 21. fxe4 Rf2 0-1

[Event "Montcalm V 2004-05"]
[Site "Quebec CAN"]
[Date "2005.03.10"]
[Round "4"]
[White "Letourneau, Alex"]
[Black "Dion, Jean-Francois"]
[Result "0-1"]
[WhiteElo "1629"]
[BlackElo "1917"]
[PlyCount "48"]
[GameId "2160767910965716"]
[EventDate "2005.02.17"]
[EventType "swiss"]
[EventRounds "5"]
[EventCountry "CAN"]

1. d4 Nf6 2. c4 g6 3. Nc3 Bg7 4. e4 d6 5. f3 O-O 6. Be3 e5 7. Nge2 Nc6 8. Qd2 Ne8 9. Nd5 f5 10. Bg5 Nf6 11. dxe5 Nxe5 12. Nec3 Be6 13. f4 Ned7 14. O-O-O fxe4 15. Nxe4 Nxe4 16. Bxd8 Nxd2 17. Nxc7 Nxf1 18. Nxe6 Ne3 19. Rd3 Nxc4 20. Nxf8 Bxb2+ 21. Kb1 Kxf8 22. Bc7 Ba3 23. Ka1 Rc8 24. Rxa3 Nxa3 0-1

[Event "Montcalm V 2004-05"]
[Site "Quebec CAN"]
[Date "2005.03.10"]
[Round "4"]
[White "Moisan, Francois"]
[Black "Dao, Huy Hao"]
[Result "1/2-1/2"]
[WhiteElo "1937"]
[BlackElo "1664"]
[PlyCount "84"]
[GameId "2160767910965717"]
[EventDate "2005.02.17"]
[EventType "swiss"]
[EventRounds "5"]
[EventCountry "CAN"]

1. e4 c5 2. Nf3 Nc6 3. d4 cxd4 4. Nxd4 Nf6 5. Nc3 e5 6. Ndb5 d6 7. Bg5 a6 8. Bxf6 gxf6 9. Na3 b5 10. Nd5 f5 11. Bd3 Be6 12. c3 Bg7 13. Nc2 O-O 14. Nde3 f4 15. Nf5 Bxf5 16. exf5 e4 17. Bxe4 Re8 18. Qd5 Qe7 19. Qxc6 Rac8 20. Qd5 Rc5 21. Qd3 d5 22. O-O-O dxe4 23. Qd6 Qxd6 24. Rxd6 a5 25. Rhd1 Rxf5 26. R1d5 Rfe5 27. Nd4 Rxd5 28. Rxd5 Bxd4 29. cxd4 Rc8+ 30. Kd2 Rc4 31. b3 e3+ 32. fxe3 fxe3+ 33. Kxe3 Rc2 34. Rxb5 Rxa2 35. d5 Kf8 36. Kf3 Ke7 37. Rb7+ Ke8 38. Ra7 Ra3 39. Kf4 Rxb3 40. Rxa5 Rb2 41. Ke5 Rxg2 42. Kd6 Rg6+ 1/2-1/2

[Event "Montcalm V 2004-05"]
[Site "Quebec CAN"]
[Date "2005.03.10"]
[Round "4"]
[White "Sauve, Richard"]
[Black "Bender, Karl"]
[Result "1-0"]
[WhiteElo "2047"]
[BlackElo "1598"]
[PlyCount "47"]
[GameId "2160767910965718"]
[EventDate "2005.02.17"]
[EventType "swiss"]
[EventRounds "5"]
[EventCountry "CAN"]

1. d4 d5 2. c4 c6 3. Nc3 Nf6 4. e3 e6 5. Nf3 dxc4 6. Bxc4 Bb4 7. O-O O-O 8. a3 Bxc3 9. bxc3 Nbd7 10. Qc2 c5 11. e4 Nb6 12. Be2 cxd4 13. cxd4 h6 14. a4 Bd7 15. a5 Rc8 16. Qb3 Na8 17. Bd3 Bc6 18. Re1 b6 19. Ba3 Re8 20. Ne5 Qxd4 21. Bb2 Qd8 22. Nxc6 Rxc6 23. Bb5 Rd6 24. e5 1-0

[Event "Montcalm V 2004-05"]
[Site "Quebec CAN"]
[Date "2005.03.17"]
[Round "5"]
[White "Audet-Bouchard, Nicolas"]
[Black "Berube, Antoine"]
[Result "0-1"]
[WhiteElo "2057"]
[BlackElo "2125"]
[PlyCount "138"]
[GameId "2160767910965719"]
[EventDate "2005.02.17"]
[EventType "swiss"]
[EventRounds "5"]
[EventCountry "CAN"]

1. e4 c5 2. Nf3 d6 3. d4 cxd4 4. Nxd4 Nf6 5. Nc3 a6 6. Bd3 g6 7. O-O Bg7 8. h3 O-O 9. Be3 b5 10. f4 Bb7 11. Qf3 Nbd7 12. g4 Nb6 13. g5 Nfd7 14. Rae1 Rc8 15. Nde2 b4 16. Nd1 Nc4 17. Bc1 Qa5 18. b3 Na3 19. Ne3 Nc5 20. f5 Nxd3 21. cxd3 Qb5 22. f6 exf6 23. gxf6 Bh8 24. Nf5 Qxf5 25. exf5 Bxf3 26. Rxf3 Bxf6 27. Bh6 Nc2 28. Ref1 Nd4 29. Nxd4 Bxd4+ 30. Kh1 Bg7 31. Bd2 Bc3 32. Bh6 Rfe8 33. fxg6 fxg6 34. Rf7 Re1 35. Rxe1 Kxf7 36. Re4 Rc5 37. Be3 Ra5 38. Bf4 Rd5 39. Rc4 Ke6 40. Rc7 h5 41. Rc6 a5 42. Ra6 Be5 43. Bg5 Rxd3 44. h4 Rd5 45. Kg2 Bf6 46. Bxf6 Kxf6 47. Kf3 Ke5 48. Ke3 Rc5 49. Ra8 Kf5 50. Rf8+ Kg4 51. Rf6 g5 52. hxg5 Rxg5 53. Rxd6 Kg3 54. Rd1 Re5+ 55. Kd4 Re2 56. Rg1+ Rg2 57. Ra1 h4 58. a3 h3 59. axb4 axb4 60. Ra8 h2 61. Rh8 Rf2 62. Rg8+ Kf3 63. Rh8 Kg2 64. Rg8+ Kf1 65. Rh8 Kg1 66. Kc5 Rf4 67. Rg8+ Kf2 68. Rh8 Kg2 69. Rg8+ Kh3 0-1

[Event "Montcalm V 2004-05"]
[Site "Quebec CAN"]
[Date "2005.03.17"]
[Round "5"]
[White "Caire, Francois"]
[Black "L'Heureux, Clement"]
[Result "1-0"]
[WhiteElo "2201"]
[BlackElo "1924"]
[PlyCount "47"]
[GameId "2160767910965720"]
[EventDate "2005.02.17"]
[EventType "swiss"]
[EventRounds "5"]
[EventCountry "CAN"]

1. d4 Nf6 2. Nc3 e6 3. e4 Bb4 4. e5 Ng8 5. Qg4 Kf8 6. Bd2 b6 7. a3 Bxc3 8. Bxc3 Nc6 9. Nf3 Nce7 10. Bd3 Bb7 11. Qh3 f6 12. O-O Qe8 13. Rae1 f5 14. Bd2 g6 15. c4 Kg7 16. d5 h6 17. Nd4 Qf7 18. Nb5 a6 19. Nxc7 Rc8 20. d6 Nc6 21. Be3 g5 22. Bxb6 h5 23. f4 g4 24. Qh4 1-0

[Event "Montcalm V 2004-05"]
[Site "Quebec CAN"]
[Date "2005.03.17"]
[Round "5"]
[White "Caron, Sebastien"]
[Black "Moisan, Francois"]
[Result "1/2-1/2"]
[WhiteElo "1814"]
[BlackElo "1937"]
[PlyCount "89"]
[GameId "2160767910965721"]
[EventDate "2005.02.17"]
[EventType "swiss"]
[EventRounds "5"]
[EventCountry "CAN"]

1. e4 e5 2. Nf3 Nc6 3. Bb5 a6 4. Ba4 Nf6 5. O-O Be7 6. Re1 b5 7. Bb3 O-O 8. a4 b4 9. d4 d6 10. c3 a5 11. Nbd2 Bg4 12. d5 Nb8 13. cxb4 axb4 14. Nf1 c5 15. Ng3 g6 16. Bh6 Re8 17. Bc4 Bd7 18. b3 Kh8 19. Re2 Ng4 20. Bc1 f5 21. h3 f4 22. Nf1 Nh6 23. g4 Nf7 24. N3d2 h5 25. f3 hxg4 26. hxg4 Kg7 27. Bd3 Rh8 28. Nc4 Rh3 29. Rh2 Qh8 30. Raa2 Ng5 31. Raf2 Qh4 32. Nb6 Ra7 33. Nxd7 Nxd7 34. Qe2 Ra8 35. Kh1 Rh8 36. Bb5 Nf6 37. Rxh3 Qxh3+ 38. Nh2 Bd8 39. Rf1 Bb6 40. Bc4 Nxg4 41. fxg4 f3 42. Qc2 Nxe4 43. Rf2 Nxf2+ 44. Qxf2 Qxg4 45. Bf1 1/2-1/2

[Event "Montcalm V 2004-05"]
[Site "Quebec CAN"]
[Date "2005.03.17"]
[Round "5"]
[White "Dao, Huy Hao"]
[Black "Sauve, Richard"]
[Result "1-0"]
[WhiteElo "1664"]
[BlackElo "2047"]
[PlyCount "45"]
[GameId "2160767910965722"]
[EventDate "2005.02.17"]
[EventType "swiss"]
[EventRounds "5"]
[EventCountry "CAN"]

1. e4 e6 2. d4 d5 3. Nd2 Nf6 4. e5 Nfd7 5. Bd3 c5 6. c3 Nc6 7. Ne2 cxd4 8. cxd4 f6 9. f4 fxe5 10. fxe5 Nxd4 11. O-O Nxe5 12. Qa4+ Ndc6 13. Bb5 Bd7 14. Nf3 Bc5+ 15. Kh1 O-O 16. Bg5 Be7 17. Nxe5 Nxe5 18. Rxf8+ Kxf8 19. Qf4+ Kg8 20. Qxe5 Bxb5 21. Qxe6+ Kf8 22. Rf1+ Ke8 23. Rf7 1-0

[Event "Montcalm V 2004-05"]
[Site "Quebec CAN"]
[Date "2005.03.17"]
[Round "5"]
[White "Dion, Jean-Francois"]
[Black "Cournoyer, Dominic"]
[Result "0-1"]
[WhiteElo "1917"]
[BlackElo "1346"]
[PlyCount "100"]
[GameId "2160767910965723"]
[EventDate "2005.02.17"]
[EventType "swiss"]
[EventRounds "5"]
[EventCountry "CAN"]

1. d4 b5 2. Nf3 Nf6 3. Bf4 Bb7 4. e3 a6 5. c3 e6 6. Bd3 c5 7. Nbd2 c4 8. Bc2 g6 9. h3 Bg7 10. e4 d6 11. Qe2 O-O 12. O-O Nh5 13. Bh2 Re8 14. e5 dxe5 15. dxe5 Bh6 16. Ne4 Bxe4 17. Bxe4 Ra7 18. Rad1 Rd7 19. Rxd7 Nxd7 20. Rd1 Qc7 21. g4 Nf4 22. Bxf4 Bxf4 23. Rd6 Nxe5 24. Rxa6 Nxf3+ 25. Qxf3 Rd8 26. a4 bxa4 27. Rxa4 Rd2 28. Rb4 Qd6 29. Kg2 Bg5 30. Qg3 Bf4 31. Qh4 Be3 32. Rxc4 Rxb2 33. Rc8+ Kg7 34. Rd8 Qf4 35. Bf3 Rxf2+ 36. Qxf2 Bxf2 37. Kxf2 Qc4 38. Rd7 Qxc3 39. Rb7 e5 40. Kg2 Qd4 41. Re7 h6 42. Re8 Kf6 43. h4 Qd7 44. Rh8 Qd4 45. Re8 Kg7 46. Kg3 f5 47. Re7+ Kf6 48. Rc7 Qf4+ 49. Kg2 fxg4 50. Rc6+ Kf5 0-1

[Event "Montcalm V 2004-05"]
[Site "Quebec CAN"]
[Date "2005.03.17"]
[Round "5"]
[White "Dumont, Eric"]
[Black "Perreault, Jacquelin"]
[Result "0-1"]
[WhiteElo "1606"]
[BlackElo "1774"]
[PlyCount "48"]
[GameId "2160767910965724"]
[EventDate "2005.02.17"]
[EventType "swiss"]
[EventRounds "5"]
[EventCountry "CAN"]

1. e4 c5 2. Nc3 d6 3. f4 Nc6 4. Bb5 Bd7 5. Nf3 a6 6. Bxc6 Bxc6 7. d3 e6 8. O-O Ne7 9. Qe1 g6 10. f5 gxf5 11. exf5 Nxf5 12. Ng5 Qe7 13. Nce4 O-O-O 14. Bf4 h6 15. Nf3 Rg8 16. a4 Rg4 17. Bd2 Bg7 18. Rb1 Rg8 19. Rf2 Nd4 20. Nxd4 Bxd4 21. Be3 Bxe4 22. dxe4 Rxe4 23. Re2 Rxe3 24. Rxe3 Qg5 0-1